00845nam a2200241Ia 4500001000600000003000900006008004100015040001300056040001300069041001300082100001800095100002900113245003400142245009700176250001100273260001100284260001100295260004900306300005700355500012800412650003200540650003100572F6087IT-RoPAU130308s9999 xx 000 0 und d aIT-RoPAU cIT-RoPAU aITALIANO aKakou Antoine gCodice Aut. SPICS: 41666 aGri-Gri di un cantastorie (I) bNascita del Cinema in Africa (La). Il Cinema dell'Africa Sub-Sahariana Dalle Origini al 1975 a1a ed. aTORINO bLindau c1998 [1° Ed.:1998 - Ed.Ling.Originale:1985] a"5 p. (prefazione: no ; testo: 5 [pagine: 249-253])" aRiflessioni Sul Cinema Africano. Tradizione Orale. ridere per Educare. Scorrere del Tempo. Gravità e Senso dell'Umorismo. aSTORIA NAZIONALE DEL CINEMA eCodice materia Spics: 6809